000
00309nam a22001337a 4500
020
_a
1-84119-383-6
082
_a
827
_b
ELD/W
100
_a
ELDIN, PETER
245
_a
WIZARD JOKES
260
_a
UNITED KINGDOM
_b
ROBINSON CHILDREN'S BOOKS
_c
2002
300
_a
186
650
_a
JOKES
_z
UNITED KINGDOM
942
_c
BK
999
_c
5724
_d
5724